000 00243nam a2200109Ia 4500
008 190911s9999||||xx |||||||||||||| ||und||
100 _aDwight ,Jeffry
245 0 _aUsing CGI
260 _aNew York
_bPearson
_c1996
300 _a282
942 _cBK
999 _c6660
_d6660